[Event "ESP-ch 88th"]
[Site "Marbella"]
[Date "2023.10.19"]
[Round "7"]
[White "Pares Vives, Natalia"]
[Black "Sanchez Elena, Lucia"]
[Result "1-0"]
[WhiteElo "2175"]
[BlackElo "1868"]
[PlyCount "69"]
[EventDate "2023.10.13"]
[EventType "swiss"]
[EventRounds "9"]
[EventCountry "ESP"]
[SourceTitle "CBM 216 Extra"]
[Source "ChessBase"]
[SourceDate "2023.11.30"]
[SourceVersion "1"]
[SourceVersionDate "2023.11.30"]
[SourceQuality "1"]

1. e4 c5 2. Nf3 e6 3. d4 cxd4 4. Nxd4 Nc6 5. Nc3 Qc7 6. Be2 a6 7. 0-0 Nf6 8. Be3 Be7 9. f4 d6 10. a4 0-0 11. Nb3 b6 12. Bf3 Bb7 13. Qe2 Rfd8 14. g4 d5 15. exd5 Nxd5 16. Nxd5 exd5 17. c3 a5 18. Qf2 Ba6 19. Bxb6 Qb8 20. Rfe1 Rd7 21. Nxa5 Nxa5 22. Bxa5 Qxf4 23. Bb6 Bf6 24. Qe3 Qxe3+ 25. Rxe3 Rb8 26. Rae1 g6 27. Re8+ Rxe8 28. Rxe8+ Kg7 29. Bc5 Bg5 30. b4 Bc4 31. b5 Rb7 32. b6 f6 33. Rc8 Bf4 34. a5 Ba6 35. Bf8+ 1-0

[Event "ESP-ch 88th"]
[Site "Marbella"]
[Date "2023.10.16"]
[Round "4"]
[White "Sanchez Elena, Lucia"]
[Black "Buijs Martin, Urtzi"]
[Result "1-0"]
[WhiteElo "1868"]
[BlackElo "2030"]
[PlyCount "101"]
[EventDate "2023.10.13"]
[EventType "swiss"]
[EventRounds "9"]
[EventCountry "ESP"]
[SourceTitle "CBM 216 Extra"]
[Source "ChessBase"]
[SourceDate "2023.11.30"]
[SourceVersion "1"]
[SourceVersionDate "2023.11.30"]
[SourceQuality "1"]

1. e4 c5 2. Nf3 Nc6 3. d4 cxd4 4. Nxd4 Nf6 5. Nc3 d6 6. f3 e5 7. Nb3 Be6 8. Be3 d5 9. exd5 Nxd5 10. Nxd5 Qxd5 11. Qxd5 Bxd5 12. 0-0-0 0-0-0 13. Bd3 Be7 14. Kb1 g6 15. Rhe1 f5 16. Bd2 Bh4 17. Rf1 Rd6 18. Na5 Rhd8 19. Nxc6 Bxc6 20. Ba5 b6 21. Bc3 Bf6 22. Rde1 Re8 23. a3 b5 24. Bb4 Rde6 25. c4 e4 26. fxe4 Bxe4 27. Bxe4 Rxe4 28. Rxe4 Rxe4 29. cxb5 Be7 30. Ba5 Bd6 31. h3 Kd7 32. b6 axb6 33. Bxb6 Ke6 34. Ba5 Bg3 35. Rc1 Kd5 36. Bc7 f4 37. b4 Re3 38. Kb2 h5 39. Rc2 Re7 40. Rc5+ Kd4 41. Rc2 h4 42. b5 f3 43. Bb6+ Kd3 44. gxf3 Re1 45. Bc7 Re2 46. Rxe2 Kxe2 47. f4 g5 48. b6 gxf4 49. b7 f3 50. b8Q Bxc7 51. Qxc7 1-0

[Event "Madrid Alcorcon op 1st"]
[Site "Madrid"]
[Date "2022.12.29"]
[Round "8"]
[White "Sanchez Elena, Lucia"]
[Black "Gaibor Gallardo, Gonzalo"]
[Result "1-0"]
[WhiteElo "1904"]
[BlackElo "2023"]
[PlyCount "37"]
[EventDate "2022.12.26"]
[EventType "swiss"]
[EventRounds "9"]
[EventCountry "ESP"]
[SourceTitle "CBM 212 Extra"]
[Source "ChessBase"]
[SourceDate "2023.03.31"]
[SourceVersion "1"]
[SourceVersionDate "2023.03.31"]
[SourceQuality "1"]

1. e4 c6 2. d4 d5 3. e5 Bf5 4. Be2 e6 5. Nf3 c5 6. c3 Nc6 7. 0-0 Qb6 8. dxc5 Bxc5 9. b4 Bf8 10. Be3 Qc7 11. Re1 Bg4 12. Nbd2 Bxf3 13. Nxf3 Nge7 14. Qa4 Ng6 15. b5 Ngxe5 16. bxc6 Nxf3+ 17. Bxf3 bxc6 18. Bxd5 Bd6 19. Qxc6+ 1-0

[Event "Madrid Alcorcon op 1st"]
[Site "Madrid"]
[Date "2022.12.28"]
[Round "6"]
[White "Blanco Garcia Bajo, David"]
[Black "Sanchez Elena, Lucia"]
[Result "0-1"]
[WhiteElo "1626"]
[BlackElo "1904"]
[PlyCount "74"]
[EventDate "2022.12.26"]
[EventType "swiss"]
[EventRounds "9"]
[EventCountry "ESP"]
[SourceTitle "CBM 212 Extra"]
[Source "ChessBase"]
[SourceDate "2023.03.31"]
[SourceVersion "1"]
[SourceVersionDate "2023.03.31"]
[SourceQuality "1"]

1. e4 c5 2. Nc3 e6 3. g3 d5 4. Bg2 Nf6 5. d3 h6 6. f4 Nc6 7. Nh3 Be7 8. Nf2 a6 9. a4 b6 10. g4 Bb7 11. b3 Nb4 12. 0-0 Qc7 13. Qe2 Rc8 14. Na2 Nc6 15. c3 g6 16. e5 Nd7 17. Bb2 d4 18. c4 g5 19. Rae1 gxf4 20. Bc1 Bg5 21. Ne4 Ndxe5 22. Bxf4 Bxf4 23. Nf6+ Kf8 24. Rxf4 Nxd3 25. Nd7+ Qxd7 26. Qxd3 Nd8 27. Qg6 Bxg2 28. Qf6 Rh7 29. Kxg2 Kg8 30. Nc1 Nc6 31. Qh4 Qe7 32. Rf6 Nb8 33. Rg6+ fxg6 34. Qg3 Nc6 35. Nd3 Rf7 36. Qh3 Kg7 37. Nf2 Rcf8 0-1

[Event "Madrid Alcorcon op 1st"]
[Site "Madrid"]
[Date "2022.12.28"]
[Round "5"]
[White "Rodriguez Melendez, Juan Humbert"]
[Black "Sanchez Elena, Lucia"]
[Result "1/2-1/2"]
[WhiteElo "2149"]
[BlackElo "1904"]
[PlyCount "67"]
[EventDate "2022.12.26"]
[EventType "swiss"]
[EventRounds "9"]
[EventCountry "ESP"]
[SourceTitle "CBM 212 Extra"]
[Source "ChessBase"]
[SourceDate "2023.03.31"]
[SourceVersion "1"]
[SourceVersionDate "2023.03.31"]
[SourceQuality "1"]

1. Nf3 Nf6 2. b3 g6 3. Bb2 Bg7 4. c4 c5 5. g3 b6 6. Bg2 Bb7 7. 0-0 0-0 8. Nc3 Nc6 9. d4 Nxd4 10. Nxd4 Bxg2 11. Kxg2 cxd4 12. Qxd4 d5 13. cxd5 e6 14. Qd2 Nxd5 15. Rac1 Nxc3 16. Bxc3 Bxc3 17. Qxc3 Rc8 18. Qe3 Qd5+ 19. f3 Rfd8 20. Rxc8 Rxc8 21. Rc1 Rxc1 22. Qxc1 Qe5 23. Qd2 Kg7 24. Qd3 h5 25. b4 a5 26. bxa5 bxa5 27. a4 Qa1 28. Qc4 Qe1 29. h4 Qb4 30. Qxb4 axb4 31. a5 b3 32. a6 b2 33. a7 b1Q 34. a8Q 1/2-1/2

[Event "ESP-ch U18 Rapid"]
[Site "Salobrena"]
[Date "2022.08.06"]
[Round "2"]
[White "Sanchez Elena, Lucia"]
[Black "Prats Safont, Sergi"]
[Result "0-1"]
[WhiteElo "1591"]
[BlackElo "1832"]
[PlyCount "74"]
[EventDate "2022.08.06"]
[EventType "swiss (rapid)"]
[EventRounds "9"]
[EventCountry "ESP"]
[SourceTitle "EXT 2023"]
[Source "ChessBase"]
[SourceDate "2022.10.05"]
[SourceVersion "1"]
[SourceVersionDate "2022.10.05"]
[SourceQuality "1"]

1. e4 c5 2. Nf3 Nc6 3. d4 cxd4 4. Nxd4 Qb6 5. Nb3 Nf6 6. Nc3 e6 7. Be3 Qc7 8. a3 a6 9. Qd2 Be7 10. f3 b5 11. 0-0-0 Bb7 12. Nd5 exd5 13. exd5 Nxd5 14. Qxd5 Na5 15. Qd3 Nxb3+ 16. Qxb3 0-0 17. Bd3 Bf6 18. Bd2 Rac8 19. Bb4 Rfe8 20. Bd6 Qb6 21. Bf5 Bc6 22. Kb1 g6 23. Bh3 a5 24. Bf4 Rcd8 25. Rhe1 Rxe1 26. Rxe1 d5 27. Qe3 d4 28. Qd2 b4 29. axb4 axb4 30. Qd3 Ra8 31. Kc1 Bb5 32. Qb3 d3 33. cxd3 Ra1+ 34. Kd2 Qf2+ 35. Re2 Qf1 36. Ke3 Qg1+ 37. Ke4 Qd4# 0-1

[Event "ESP-ch 86th"]
[Site "Linares"]
[Date "2021.08.17"]
[Round "2"]
[White "Sanchez Elena, Lucia"]
[Black "Gavilan Diaz, Mario"]
[Result "0-1"]
[WhiteElo "1746"]
[BlackElo "2284"]
[PlyCount "52"]
[EventDate "2021.08.16"]
[EventType "swiss"]
[EventRounds "9"]
[EventCountry "ESP"]
[SourceTitle "CBM 204 Extra"]
[Source "ChessBase"]
[SourceDate "2021.11.30"]
[SourceVersion "1"]
[SourceVersionDate "2021.11.30"]
[SourceQuality "1"]

1. e4 c5 2. c3 d5 3. exd5 Qxd5 4. d4 Nf6 5. Nf3 Bg4 6. Be2 e6 7. 0-0 Nc6 8. Be3 cxd4 9. cxd4 Be7 10. Nc3 Qd6 11. Qb3 0-0 12. Rfd1 Nb4 13. h3 Bh5 14. Bg5 Nfd5 15. Bxe7 Qxe7 16. a3 Nxc3 17. bxc3 Nd5 18. g3 b5 19. Qxb5 Rab8 20. Qa5 Rb2 21. Kf1 Qf6 22. Rd3 Qf5 23. g4 Qe4 24. Ng1 Rxe2 25. Qa6 Bg6 26. Nxe2 Qxd3 0-1

[Event "ESP-ch U16"]
[Site "Salobrena"]
[Date "2020.08.12"]
[Round "5"]
[White "Mamani Beltran, Daniel"]
[Black "Sanchez Elena, Lucia"]
[Result "1-0"]
[WhiteElo "1829"]
[BlackElo "1715"]
[PlyCount "65"]
[EventDate "2020.08.10"]
[EventType "swiss"]
[EventRounds "9"]
[EventCountry "ESP"]
[SourceTitle "EXT 2021"]
[Source "ChessBase"]
[SourceDate "2020.10.23"]
[SourceVersion "1"]
[SourceVersionDate "2020.10.23"]
[SourceQuality "1"]

1. d4 Nf6 2. c4 g6 3. Nc3 d5 4. Bg5 Ne4 5. cxd5 Nxc3 6. bxc3 Qxd5 7. Qd2 Bg7 8. f3 f5 9. Bh6 Bf6 10. e3 e5 11. Rb1 g5 12. Rb5 Qg8 13. dxe5 c6 14. exf6 cxb5 15. Bg7 a6 16. Qd6 Nc6 17. c4 b4 18. Bxh8 Qxh8 19. h4 g4 20. fxg4 fxg4 21. Bd3 Qg8 22. Ne2 Qe6 23. Qf4 Qe5 24. f7+ Kf8 25. Qh6+ Qg7 26. Qd6+ Kxf7 27. 0-0+ Kg8 28. c5 Bd7 29. Bc4+ Kh8 30. Rf7 Qa1+ 31. Kf2 g3+ 32. Nxg3 Bg4 33. Rf8+ 1-0